Guess the Louis Tomlinson song with no hints #6 - Statistics

General Stats
  • This quiz has been taken 83 times
  • The average score is 243 of 315
Answer Stats
Answer % Correct
I
100%
You
100%
you
100%
a
98%
and
95%
And
95%
me
95%
On
95%
to
95%
when
95%
your
95%
do,
93%
it's
93%
my
93%
my,
93%
the
91%
you're
91%
say
89%
don't
86%
Don't
86%
know
86%
love
86%
love,
86%
look
84%
now,
84%
now
84%
of
84%
some
84%
at
82%
back
82%
that
82%
we're
82%
were
82%
are
80%
As
80%
as
80%
ever
77%
like
77%
out
77%
feel
75%
if
75%
If
75%
Just
75%
never
75%
see
75%
what
75%
Cause
73%
could
73%
dance
73%
dance?
73%
oh
73%
up,
73%
up
73%
all
70%
away,
70%
away
70%
down
70%
Even
70%
jeans
70%
lookin'
70%
miss
70%
night
70%
perfect
70%
wanna
70%
why
70%
wish
70%
but
68%
Every
68%
fit
68%
hard
68%
head
68%
need
68%
one
68%
keep
66%
Keep
66%
point
66%
someone
66%
Still,
66%
view
66%
chance
64%
I'll
64%
pretty
64%
change
61%
knew
61%
only
61%
said
61%
crown
59%
fallin'
59%
Friday
59%
looking
59%
queens
59%
would
59%
starin'
57%
tears
57%
try
57%
everybody's
55%
given
55%
guess
55%
half
55%
hide
55%
tell
55%
turn
55%
make
52%
good
50%
little
50%
worst,
50%
somehow,
48%
being
45%
day
45%
done
45%
stop
45%
truth
45%
insecurity,
41%
next
41%
sign,
41%
asked
39%
neon
39%
bright
36%
scene
34%
steal
32%
lyin'
27%
unrehearsed
20%
No matching quizzes found
Score Distribution
Percent of People with Each Score
Percentile by Number Answered
Your Score History
You have not taken this quiz